Statistics for Particles

Click here to take the quiz!

General Stats

  • This quiz has been taken 182 times
  • The average score is 13 of 17

Answer Stats

CategoryParticle% Correct
QuarksUp
94%
Vector BosonsW Boson
94%
QuarksDown
93%
LeptonsElectron
88%
QuarksStrange
86%
Scalar BosonsHiggs Boson
85%
LeptonsMuon
77%
Vector BosonsZ Boson
77%
QuarksCharm
74%
QuarksBottom
72%
QuarksTop
72%
LeptonsTau
71%
Vector BosonsPhoton
70%
Vector BosonsGluon
65%
LeptonsElectron Neutrino
56%
LeptonsMuon Neutrino
56%
LeptonsTau Neutrino
56%

Score Distribution

Percentile by Number Answered

Percent of People with Each Score

Your Score History

You have not taken this quiz